000 00460nam a22001937a 4500
003 MPLRDC
005 20220104152246.0
008 210129b ||||| |||| 00| 0 eng d
020 _a962-950-153-8
082 _a857.7 XMY v.163
100 _a望舒
245 _a淘气多情妹
_c
250 _a初版
260 _a
_b星河出版社
_c1998
300 _b
490 _a寻梦园系列. 163
650 _a长篇小说
942 _cBK
_o857.7 XMY v.163
999 _c52791
_d52781